| 000 | 00000nas 2200000za 4500 |
| 001 | 9.809455 |
| 003 | CaOODSP |
| 005 | 20221107140635 |
| 007 | cr ||||||||||| |
| 008 | 160119d19651976oncar p oss f000#a0eng|d |
| 022 | |y0704-6650 |
| 040 | |aCaOODSP|beng |
| 041 | |aeng|afre |
| 043 | |an-cn--- |
| 086 | 1 |aCS61-210-PDF |
| 245 | 00|aAnnual report of the Minister of Industry, Trade and Commerce under the Corporations and Labour Unions Returns Act. |nPart I, |pCorporations|h[electronic resource] = |bRapport annuel du ministre de l'Industrie et du commerce présenté conformément à la Loi sur les déclarations des corporations et des syndicats ouvriers. Partie I, Corporations. |
| 246 | 11|aRapport annuel du ministre de l'Industrie et du commerce présenté conformément à la Loi sur les déclarations des corporations et des syndicats ouvriers|nPartie I, |pCorporations|f1965-1975 |
| 246 | 13|aRapport annuel du ministre de l'Industrie et du commerce présenté conforément [sic] à la Loi sur les déclarations des corporations et des syndicats ouvriers|nPartie I, |pCorporations |f1976 |
| 246 | 14|aCorporations and Labour Unions Returns Act|f1965-1976 |
| 246 | 14|aLoi sur les déclarations des corporations et des syndicats ouvriers|f1965-1976 |
| 260 | |a[Ottawa] : |bDominion Bureau of Statistics, |c1969-1979. |
| 310 | |aAnnual |
| 362 | 0 |a1965-1976. |
| 500 | |aDigitized edition from print [produced by Statistics Canada]. |
| 515 | |aIssued in 2 pts. |
| 546 | |aText in English and French. |
| 550 | |aIssued 1969-1976 by Statistics Canada. |
| 692 | 07|2gccst|aCorporations |
| 692 | 07|2gccst|aFinance |
| 710 | 1 |aCanada. |bDominion Bureau of Statistics. |
| 710 | 1 |aCanada. |bDepartment of Industry, Trade and Commerce. |
| 710 | 1 |aCanada. |bIndustry, Trade and Commerce. |
| 780 | 00|tAnnual report of the Minister of Trade and Commerce under the Corporations and Labour Unions Returns Act. |w(CaOODSP)9.809444 |
| 785 | 00|tAnnual report of the president of the Treasury Board under the Corporations and Labour Unions Returns Act. |w(CaOODSP)9.809470 |
| 792 | |tAnnual report of the Minister of Industry, Trade and Commerce under the Corporations and Labour Unions Returns Act. |efre|w(CaOODSP)9.809457 |